Pokemon starting with the letter K - Statistics

General Stats
  • This quiz has been taken 20 times
  • The average score is 21 of 32
Answer Stats
Gen Answer % Correct
2 Kingdra
92%
1 Kingler
92%
1 Kabuto
85%
1 Kabutops
85%
1 Kangaskhan
85%
1 Krabby
85%
1 Kadabra
77%
3 Kecleon
77%
9 Kingambit
77%
1 Kakuna
69%
5 Karrablast
69%
5 Klang
69%
6 Klefki
69%
5 Klink
69%
5 Klinklang
69%
7 Komala
69%
3 Kyogre
69%
3 Kirlia
62%
1 Koffing
62%
9 Koraidon
62%
4 Kricketot
62%
4 Kricketune
62%
5 Kyurem
62%
7 Kartana
54%
5 Keldeo
54%
5 Krokorok
54%
5 Krookodile
54%
9 Kilowattrel
46%
8 Kleavor
46%
9 Klawf
38%
8 Kubfu
38%
7 Kommo-o
31%
No matching quizzes found
Score Distribution
Percent of People with Each Score
Percentile by Number Answered
Your Score History
You have not taken this quiz